000 00600nam a2200217Ia 4500
003 OSt
005 20220928144453.0
006 a|||||r|||| 00| 0
007 ta
008 220927b |||||||| |||| 00| 0 eng d
024 _a71016
037 _cTextual
040 _aSDCL
_cSDCL
_beng
041 _2eng
_aeng
082 _aV2y7N002, M1
100 _aAbbas Qazi Mohammad Adil
_9507775
245 0 _aAspects of politics and society
_b Memoirs of a veteran congressman.
260 _c1981
942 _hV2y7N002, M1
_cTEXL
_2CC
999 _c827299
_d827299